000 00359pab a2200145 454500
008 180718b1983 xxu||||| |||| 00| 0 eng d
100 _aMowery, David C.
245 _aEconomic theory and government technology policy
260 _c1983
300 _a27-43
362 _aSept.
650 _aGovernmental Research
773 _aPolicy Sciences
909 _a9436
999 _c9436
_d9436